Pembangunan Manusia

Bibliographic Details
Main Author: Noura Syifa
Corporate Author: Title
Format: Book
Published: Kuala Lumpur : Sabunai Media Sdn.Bhd , 2004
Series:Siri pembangunan Malaysia
Subjects:

MARC

LEADER 00000cam a2200000 7i4500
001 0000004630
005 20151222.0
008 070730
020 |a 983261239X 
090 0 0 |a ECO   |b MAL 
100 0 |a Noura Syifa 
245 1 0 |a Pembangunan Manusia   |c Noura Syifa 
260 |a Kuala Lumpur :   |b Sabunai Media Sdn.Bhd ,   |c 2004 
440 0 |a Siri pembangunan Malaysia 
500 |a Children ages 10-12 years old (pink) 
650 0 |a Human capital   |z Malaysia 
650 0 |a Labor supply   |z Malaysia 
650 0 |a Malaysia   |x Economic condition 
710 0 |a Title 
999 |a 0000978525   |b Book   |c Children Collection   |e Perbadanan Perpustakaan Awam Johor 
999 |a 0000978526   |b Book   |c Children Collection   |e Perbadanan Perpustakaan Awam Johor 
999 |a 0000978527   |b Book   |c Children Collection   |e Cawangan Taman Sri Lambak 
999 |a 0000978528   |b Book   |c Children Collection   |e Cawangan Mersing 
999 |a 0000978529   |b Book   |c Children Collection   |e Cawangan Batu Pahat